| 000 | 01130cad a22002295a 4500 | ||
|---|---|---|---|
| 001 | L144229 | ||
| 008 | 080704s2008 xxkad f s 000 0 eng d | ||
| 035 | _a(Sirsi) u144229 | ||
| 041 | 0 | _aeng | |
| 050 | 0 | 4 | _a333.33 $2 18 |
| 110 | 2 |
_aAtisreal _95337 |
|
| 245 | 0 | 0 |
_aEurope quarterly _boffice market quarter one 2008 _h[electronic resource] |
| 260 |
_a[S.l.] _bAtisreal _c2008 |
||
| 490 | 0 |
_aAtisreal Europe Quarterly Office Market _vQuarter One 2008 |
|
| 520 | _aReports that the slow down in take-up reported in the last quarter is continuing into the first quarter 2008; -6.3% compared to Q1 2007 and -23% compared to Q4 2007. Finds that prime rents rose 1% in the first quarter, a slowdown on 2.1% recorded the previous quarter. Vacancy rates remained stable this quarter; rents are not expected to fall in the short term. | ||
| 590 | _aKA | ||
| 650 | 2 | 4 | _aATISREAL EUROPE QUARTERLY OFFICE MARKET |
| 651 | 4 | _aEurope | |
| 690 | _aPROPERTY-COMMERCIAL PROPERTY-COMMERCIAL PROPERTY MARKET | ||
| 856 | 4 | 0 |
_uhttps://www.atisreal.com/ _zView this report free of charge under market research at www.atisreal.com... |
| 942 | _n0 | ||
| 999 |
_c108416 _d108416 |
||